[Event "Lesa op 2nd"]
[Site "Lesa"]
[Date "2013.09.21"]
[Round "3"]
[White "Cantoro, Daniele"]
[Black "Bianchi, Simone"]
[Result "1/2-1/2"]
[WhiteElo "2124"]
[BlackElo "1831"]
[PlyCount "142"]
[EventDate "2013.09.20"]
[EventType "swiss"]
[EventRounds "5"]
[EventCountry "ITA"]
[SourceTitle "EXT 2015"]
[Source "ChessBase"]
[SourceDate "2014.11.20"]
[SourceVersion "1"]
[SourceVersionDate "2014.11.20"]
[SourceQuality "1"]

1. e4 d5 2. exd5 Nf6 3. d4 Nxd5 4. c4 Nb4 5. a3 N4c6 6. d5 Ne5 7. Be2 g6 8. f4 Ned7 9. Nf3 Bg7 10. Nc3 0-0 11. Be3 e5 12. dxe6 fxe6 13. 0-0 e5 14. Qd5+ Kh8 15. Nxe5 Nxe5 16. fxe5 Nc6 17. Qxd8 Rxd8 18. Ne4 Nxe5 19. Bg5 Rd4 20. Rad1 Rxd1 21. Rxd1 Bf5 22. Nc3 c6 23. h3 h6 24. Be3 Bc2 25. Rd6 a6 26. Re6 Rd8 27. Bxh6 Bxh6 28. Rxe5 Bg7 29. Re7 b5 30. cxb5 axb5 31. Rc7 Rd2 32. Rc8+ Kh7 33. Bf3 c5 34. Nxb5 Bd1 35. Bxd1 Rxd1+ 36. Kf2 Rd2+ 37. Kg3 Rxb2 38. Rxc5 Rb3+ 39. Kg4 Bf8 40. Rc7+ Kh6 41. Nc3 Rxa3 42. Nd5 Ra4+ 43. Kf3 Rd4 44. Nf6 Bg7 45. Ng4+ Kh7 46. h4 Kg8 47. Re7 Kf8 48. Re3 Kg8 49. g3 Rb4 50. Ra3 Kh7 51. Nf2 Rc4 52. Nh3 Rc3+ 53. Rxc3 Bxc3 54. Nf4 Kh6 55. Nd5 Bh8 56. g4 Ba1 57. Ne7 Kg7 58. g5 Kf7 59. Nd5 Ke6 60. Ke4 Bb2 61. Nf4+ Kf7 62. Nd3 Ba1 63. Kd5 Bc3 64. Ne5+ Kg7 65. Ng4 Bb2 66. Ke6 Bc3 67. Ke7 Bb4+ 68. Kd7 Bc3 69. Kd6 Bb4+ 70. Ke5 Bc3+ 71. Ke4 Bb2 1/2-1/2

[Event "San Bernardino op"]
[Site "San Bernardino"]
[Date "2013.09.15"]
[Round "4"]
[White "Grigioni, Giulio"]
[Black "Bianchi, Simone"]
[Result "0-1"]
[WhiteElo "1803"]
[BlackElo "1831"]
[PlyCount "102"]
[EventDate "2013.09.13"]
[EventType "swiss"]
[EventRounds "9"]
[EventCountry "SUI"]
[SourceTitle "EXT 2014"]
[Source "ChessBase"]
[SourceDate "2013.11.20"]
[SourceVersion "1"]
[SourceVersionDate "2013.11.20"]
[SourceQuality "1"]

1. e4 d5 2. Nc3 d4 3. Nce2 c5 4. Ng3 e5 5. Nf3 Bg4 6. h3 Bxf3 7. Qxf3 Nd7 8. Bc4 Qf6 9. Qb3 b6 10. Bb5 Qe6 11. Bc4 Qg6 12. Bb5 Ngf6 13. Bc6 Rd8 14. Qf3 Ng8 15. Bb5 Bd6 16. Qf5 Ne7 17. Qg4 Qxg4 18. hxg4 g6 19. d3 Ng8 20. Bg5 Be7 21. Bd2 Bf6 22. 0-0-0 Bg7 23. g5 f6 24. Rh3 fxg5 25. Bxg5 Bf6 26. f4 exf4 27. Bxf4 Kf7 28. Rf1 Ke6 29. Bc4+ Ke7 30. Ne2 Be5 31. Rfh1 Ngf6 32. Bg5 Kd6 33. Nf4 Bxf4+ 34. Bxf4+ Ne5 35. Bf7 Rhf8 36. Bb3 h5 37. Bh6 Nfg4 38. Bxf8+ Rxf8 39. Rg1 Ne3 40. Rg3 Rf2 41. c3 Nxd3+ 42. Kb1 Rxb2+ 43. Ka1 c4 44. Rxg6+ Ke5 45. cxd4+ Kxd4 46. Rd6+ Kc3 47. Rxd3+ cxd3 48. Rc1+ Nc2+ 49. Bxc2 Rxc2 50. Kb1 Rxc1+ 51. Kxc1 Kd4 0-1

[Event "San Bernardino op"]
[Site "San Bernardino"]
[Date "2013.09.14"]
[Round "3"]
[White "Bianchi, Simone"]
[Black "Boschetti, Claudio"]
[Result "0-1"]
[WhiteElo "1831"]
[BlackElo "2152"]
[PlyCount "48"]
[EventDate "2013.09.13"]
[EventType "swiss"]
[EventRounds "9"]
[EventCountry "SUI"]
[SourceTitle "EXT 2014"]
[Source "ChessBase"]
[SourceDate "2013.11.20"]
[SourceVersion "1"]
[SourceVersionDate "2013.11.20"]
[SourceQuality "1"]

1. e4 e5 2. Nf3 Nc6 3. d4 exd4 4. Bc4 Nf6 5. Nxd4 Bc5 6. Be3 Ne5 7. Nf5 Bxe3 8. Nxe3 Nxc4 9. Nxc4 Nxe4 10. 0-0 0-0 11. Qd5 Nf6 12. Qd4 d5 13. Rd1 Bg4 14. Ne3 Bxd1 15. Qxd1 Re8 16. c3 c5 17. Na3 d4 18. cxd4 cxd4 19. Nf5 Qd5 20. Qd3 Rad8 21. b3 Ne4 22. g4 g6 23. Nh6+ Kg7 24. Qh3 Ng5 0-1

[Event "Omegna op 1st"]
[Site "Omegna"]
[Date "2013.07.04"]
[Round "1"]
[White "Bianchi, Simone"]
[Black "Crolla, Roberto"]
[Result "1-0"]
[WhiteElo "1814"]
[BlackElo "1451"]
[PlyCount "95"]
[EventDate "2013.07.04"]
[EventType "swiss"]
[EventRounds "6"]
[EventCountry "ITA"]
[SourceTitle "EXT 2014"]
[Source "ChessBase"]
[SourceDate "2013.11.20"]
[SourceVersion "1"]
[SourceVersionDate "2013.11.20"]
[SourceQuality "1"]

1. e4 d6 2. d4 Nf6 3. Nc3 g6 4. Be2 Bg7 5. Nf3 0-0 6. Bf4 c5 7. d5 Qb6 8. Rb1 Qa5 9. 0-0 a6 10. a4 Bd7 11. Bd2 Qd8 12. Re1 Qe8 13. a5 Qd8 14. b4 cxb4 15. Rxb4 Qxa5 16. Rxb7 Qd8 17. Qb1 e6 18. Bd3 exd5 19. exd5 Re8 20. Be3 Ng4 21. Ne4 Nxe3 22. Rxe3 Bf5 23. Neg5 Rxe3 24. fxe3 Bxd3 25. Nxf7 Bxc2 26. Nxd8 Bxb1 27. Rxb1 a5 28. Rb3 a4 29. Ra3 Bb2 30. Ra2 a3 31. Nd2 Na6 32. Nc6 Nc5 33. Nc4 Bc1 34. Kf2 Ra6 35. Nxd6 Na4 36. Ne4 Kf8 37. Nb4 Rb6 38. Nc2 Rb2 39. Rxb2 axb2 40. Na3 Nb6 41. Nc3 Ke7 42. Ke2 Kd6 43. e4 Ke5 44. Kd3 Nd7 45. Kc2 Nc5 46. Nc4+ Kd4 47. Nxb2 Bxb2 48. Kxb2 1-0